Liability for Intentional Crime as Consequence of Traffic Offenses – Comparative Considerations
Rozbor problematiky trestnej zodpovednosti za účasť na nelegálnych automobilových pretekoch a možnosti jej priradenia vodičom vedome spôsobujúcim riziko smrti inému účastníkovi premávky. Príklady zo Slovenska, Nemecka a Poľska.
Gespeichert in:
| 1. Verfasser: | |
|---|---|
| Format: | Buchkapitel |
| Sprache: | Englisch |
| Schlagworte: | |
| Tags: |
Keine Tags, Fügen Sie das erste Tag hinzu!
|
MARC
| LEADER | 00000naa a2200000 4500 | ||
|---|---|---|---|
| 001 | 0272171 | ||
| 005 | 20210225091150.0 | ||
| 041 | 0 | |a eng | |
| 044 | |a SK | ||
| 245 | 1 | 0 | |a Liability for Intentional Crime as Consequence of Traffic Offenses – Comparative Considerations |c Renata Pawlik |
| 520 | |a Rozbor problematiky trestnej zodpovednosti za účasť na nelegálnych automobilových pretekoch a možnosti jej priradenia vodičom vedome spôsobujúcim riziko smrti inému účastníkovi premávky. Príklady zo Slovenska, Nemecka a Poľska. | ||
| 610 | 2 | 0 | |a činy trestné |
| 610 | 2 | 0 | |a priestupky |
| 610 | 2 | 0 | |a zodpovednosť právna |
| 610 | 2 | 0 | |a nehody dopravné |
| 610 | 2 | 0 | |a bezpečnosť dopravy |
| 100 | 1 | |a Pawlik, Renata | |